Автомобили ВАЗ-2103, ВАЗ-21033, ВАЗ-21035, ВАЗ-2106, ВАЗ-21061, ВАЗ-21063, ВАЗ-21065 (Запись № 80512)

Подробности
000 -МАРКЕР
контрольное поле 01709nam0a2200361 4500
001 - ИДЕНТИФИКАТОР ЗАПИСИ
контрольное поле RU\NLR\bibl\18728
005 - ИДЕНТИФИКАТОР ВЕРСИИ
контрольное поле 20250615014159.0
010 ## - МЕЖДУНАРОДНЫЙ СТАНДАРТНЫЙ НОМЕР КНИГИ (ISBN)
Номер (ISBN) 5-88924-014-5
Тираж 25000
021 ## - НОМЕР ГОСУДАРСТВЕННОЙ РЕГИСТРАЦИИ
Код страны Российская Федерация
Номер 99-2757
Номер Листа государственной регистраци 132
035 ## - ДРУГИЕ СИСТЕМНЫЕ НОМЕРА
Идентификатор записи (NLR Aleph) 000018291
100 ## - ДАННЫЕ ОБЩЕЙ ОБРАБОТКИ
Данные общей обработки 19990329d1996 |||y0rusy50 ca
101 0# - ЯЗЫК РЕСУРСА
Язык текста, звукозаписи и т.д. русский
102 ## - СТРАНА ПУБЛИКАЦИИ ИЛИ ПРОИЗВОДСТВА
Страна публикации Российская Федерация
105 ## - ПОЛЕ КОДИРОВАННЫХ ДАННЫХ: ТЕКСТОВЫЕ МАТЕРИАЛЫ, МОНОГРАФИЧЕСКИЕ
Кодированные данные о монографическом текстовом документе |||||||||||||
200 1# - ЗАГЛАВИЕ И СВЕДЕНИЯ ОБ ОТВЕТСТВЕННОСТИ
Основное заглавие Автомобили ВАЗ-2103, ВАЗ-21033, ВАЗ-21035, ВАЗ-2106, ВАЗ-21061, ВАЗ-21063, ВАЗ-21065
Сведения, относящиеся к заглавию Многокрасоч. альбом
Первые сведения об ответственности В.А. Вершигора, А.П. Игнатов, К.В. Новокшонов, К.Б. Пятков
210 ## - ПУБЛИКАЦИЯ, РАСПРОСТРАНЕНИЕ И ДР.
Место издания, распространения и т.д. М.
Имя издателя, распространителя и т. д. Третий Рим
Дата издания, распространения и т.д. 1996
215 ## - ФИЗИЧЕСКАЯ ХАРАКТЕРИСТИКА
Специфическое обозначение материала и объем 72 с.
Другие сведения о физической характеристике цв. ил.
Размеры 29
300 ## - ОБЩИЕ ПРИМЕЧАНИЯ
Текст примечания На обл.: ВАЗ 2106-2103: Цветной ил. альбом: Устройство и эксплуатация / Игнатов А.П., Новокшонов К.В., Пятков К.Б.
512 1# - ЗАГЛАВИЕ ОБЛОЖКИ
Связь между полями z22790
Заглавие обложки ВАЗ 2106-2103
Сведения, относящиеся к заглавию Цветной ил. альбом
-- Устройство и эксплуатация
606 0# - НАИМЕНОВАНИЕ ТЕМЫ КАК ПРЕДМЕТ
Наименование темы Автомобили ВАЗ "Жигули"
Формальный подзаголовок Альбомы
Системный номер авторитетной/нормативной записи 1047794
Идентификатор авторитетной/нормативной записи RU\NLR\auth\6686481
606 0# - НАИМЕНОВАНИЕ ТЕМЫ КАК ПРЕДМЕТ
Наименование темы "Жигули", легковые автомобили
Формальный подзаголовок Альбомы
Системный номер авторитетной/нормативной записи 2093076
Идентификатор авторитетной/нормативной записи RU\NLR\auth\661266695
686 ## - ИНДЕКСЫ ДРУГИХ КЛАССИФИКАЦИЙ
Индекс О335.52я61"Жигули"
701 #1 - ИМЯ ЛИЦА - АЛЬТЕРНАТИВНАЯ ОТВЕТСТВЕННОСТЬ
Начальный элемент ввода Вершигора
Часть имени, кроме начального элемента ввода В. А.
Расширение инициалов личного имени Владимир Андреевич
Код отношения Автор
701 #1 - ИМЯ ЛИЦА - АЛЬТЕРНАТИВНАЯ ОТВЕТСТВЕННОСТЬ
Начальный элемент ввода Игнатов
Часть имени, кроме начального элемента ввода А. П.
Код отношения Автор
701 #1 - ИМЯ ЛИЦА - АЛЬТЕРНАТИВНАЯ ОТВЕТСТВЕННОСТЬ
Начальный элемент ввода Новокшонов
Часть имени, кроме начального элемента ввода К. В.
Код отношения Автор
790 #1 - ИМЯ ЛИЦА - АЛЬТЕРНАТИВНАЯ ФОРМА
Связь между полями z22512
Начальный элемент ввода Игнатов
Часть имени, кроме начального элемента ввода А. П.
Код отношения Автор
801 #0 - ИСТОЧНИК ЗАПИСИ
Страна Российская Федерация
Организация NLR
Дата составления 19990329
Правила каталогизации PSBO
801 #1 - ИСТОЧНИК ЗАПИСИ
Страна Российская Федерация
Организация NLR
Дата составления 19990329
852 ## - МЕСТОНАХОЖДЕНИЕ И ШИФР ХРАНЕНИЯ
Идентификатор организации NLR
Шифр хранения (Call Number) 99-8/122
942 ## - ДОПОЛНИТЕЛЬНЫЕ ЭЛЕМЕНТЫ ЗАПИСИ (АБИС)
Тип экземпляра АБИС Книга
980 ## - КОЛЛЕКЦИЯ
Название коллекции Национальная библиография
Экземпляры
Тип экземпляра Дата поступления Библиотека постоянного хранения Библиотека текущего хранения Место хранения Шифр хранения Штрих-код Статус экземпляра
Книга 26.10.2013 РНБ (Московский) РНБ (Московский) Русский книжный фонд: издания с 1957 года 99-8/122 1-373488